| 000 | 00586nam a2200217Ii 4500 | ||
|---|---|---|---|
| 001 | 9627 | ||
| 003 | CO-ViMGA | ||
| 008 | 241108s9999||||xx |||||||||||||| ||und|| | ||
| 020 | _a8437217229 | ||
| 040 |
_aCO-ViMGA _bspa _erda _cCO-ViMGA |
||
| 041 | 0 | _aspa | |
| 084 | _aC TES1p | ||
| 100 | 1 |
_aFulvio Testa _947092 |
|
| 245 | 1 | 0 | _aEl pais de los helados |
| 264 | 1 | _aMadrid, EspaƱa : Altea, 1987 | |
| 300 | _avolumen | ||
| 336 |
_atext _btxt _2rdacontent |
||
| 337 |
_aunmediated _bn _2rdamedia |
||
| 338 |
_avolume _bnc _2rdacarrier |
||
| 940 | _aidficha_siabuc: 9413. -- ficha_no_siabuc:9627 | ||
| 999 |
_c41671 _d41671 |
||